Słówka po niemiecku (podróżowanie) część1 - Statystyki

Ogólne statystyki
  • Ten quiz został rozwiązany 58 razy
  • Średni wynik to 19 z 59
Statystyki odpowiedzi
Hint Odpowiedź % Poprawnych
samochód auto
100%
autobus bus
100%
rower fahrrad
71%
metro u bahn
71%
szybka kolej miejska s bahn
63%
samolot flugzeug
58%
jezioro see
54%
miasto stadt
54%
motocykl motorrad
50%
pociąg zug
50%
morze meer
46%
w prawo rechts
46%
góra berg
42%
zamek burg
42%
rzeka fluss
42%
w lewo links
42%
podróż reise
42%
zagranicą ausland
38%
lotnisko flughafen
38%
góry gebirge
38%
katedra dom
33%
tramwaj strassenbahn
33%
stacja benzynowa tankstelle
33%
odjazd abfahrt
29%
zwiedzać besichtigen
29%
wyspa insel
29%
wieś land
29%
plaża strand
29%
las wald
29%
prom fahre
25%
port hafen
25%
statek schiff
25%
oferta angebot
21%
wystawa ausstellung
21%
kąpać się baden
21%
wstęp eintritt
21%
wybrzeże kuste
21%
przewodnik reisefuhrer
21%
stacja station
21%
droga weg
21%
pustynia wuste
21%
odjeżdżać abfahren
17%
wycieczka ausflug
17%
most brucke
17%
róg ecke
17%
przystanek haltestelle
17%
skrzyżowanie kreuzung
17%
jaht / żaglówka segelboot
17%
postój taxi taxistand
17%
sygnalizacja świetlna ampel
13%
pomnik denkmal
13%
mapa landkarte
13%
zabytek sehenswurdigkeit
13%
przewodnik po mieście stadtfuhrer
13%
spóźnienie verspatung
13%
pobyt aufenthalt
8%
kierunek richtung
8%
kantor wymiany walu wechselstube
8%
skręcać abbiegen
4%
Nie znaleziono quizów pasujących do podanych kryteriów
Rozkład punktacji
Procent ludzi z każdym wynikiem
Percentyl według liczby udzielonych odpowiedzi
Twoja historia wyników
Nie rozwiązałeś tego quizu